000 02543cam a22005174i 4500
003 PE-LiUPU
005 20250731173422.0
008 150706s2011 xxu r 000 0 spa d
020 _a9780829758863
035 _a(Sirsi) i9780829758863
040 _aPE-LiUPU
_bspa
_cPE-LiUPU
_erda
049 _aPRUA
082 0 4 _a262.0017
_bV73
_221
100 1 _aViola, Frank,
_eautor.
245 1 0 _aPaganismo, ¿en tu cristianismo?, explora las raíces de las prácticas de la iglesia cristiana /
_cFrank Viola y George Barna.
264 1 _aMiami, Florida :
_bVida,
_c2011.
300 _a295 páginas ;
_c22 centímetros
336 _atext
_2rdacontent
337 _aunmediated
_2rdamedia
338 _avolume
_2rdacarrier
504 _aIncluye bibliografía.
505 0 _a¿Realmente hemos estado haciendo las cosas según el libro? -- El edificio de la iglesia: la herencia del complejo edilicio -- El orden del culto: en concreto, se establece el domingo por la mañana -- El sermón: la vaca más sagrada del protestantismo -- El pastor: un obstáculo de cada uno de los miembros -- La ropa del domingo a la mañana: encubrir el problema -- Los ministros de la música: clero dedicado a la música -- El diezmo y el salario de los clérigos: puntos dolorosos de nuestras billeteras -- El bautismo y la cena del Señor: diluir los sacramentos -- La educación cristiana: expandir el craneo -- Reenfocar el Nuevo Testamento: la Biblia no es un rompecabezas -- Una segunda mirada al Salvador: Jesús, el revolucionario.
526 _aSEG42
526 _aSEG41
526 _aSEG40
526 _aSEG39
526 _aP94
526 _aP87
526 _aP86
526 _aP85
526 _aP77
526 _aP76
526 _aP35
541 _g001-0000595;
630 _aBiblia.
_pN.T.
_pCrítica, interpretación, etc.
650 0 4 _aReforma de la iglesia.
650 0 4 _aIglesia
_xEnseñanza bíblica.
650 0 4 _aTeología Práctica
_xHistoria.
700 1 _aHimitian, Silvia,
_etr.
910 _agl
_bjv
_clch
_d20121003
942 _2ddc
_cBOOK
949 _a262.0017 V73
_wDEWEY
_c1
_i65448
_lCCODEBUL1
_mBUL
_p25.00
_r0
_sY
_tBOOK
_u2015-7-6
_xTEOLOGIA
_PP35
_o.STAFF. Colección Teología
994 _aC0
_bPEPRU
596 _a1
999 _a262.0017 V73
_wDEWEY
_c53951
_i65448
_d53951
_e2016-6-8
_f2021-11-10
_g5
_lCCODEBUL1
_mBUL
_n3
_p25.00
_r0
_sY
_tBOOK
_u2015-7-6
_xTEOLOGIA
_PP35
_o.STAFF. Colección Teología
980 _81
_gALBERTO SANCHEZ Responsable de Automatización